| 000 | 00835nmm a2200301 a 4500 | ||
|---|---|---|---|
| 003 | AR-BaBNM | ||
| 005 | 20251128210223.0 | ||
| 008 | 189019s1998 ||||||||||||||000 | spa|| | ||
| 020 | _a950-16-3084-6 | ||
| 040 | _cAR-BaBNM | ||
| 100 | 1 | _aMarra Pelletier, Carol | |
| 245 | 1 | 0 |
_aFormación de docentes practicantes _bmanual de técnicas y estrategias |
| 250 | _a1ª ed. | ||
| 260 |
_aBuenos Aires _bTroquel _c1998 |
||
| 300 | 0 |
_a271 p. _btablas |
|
| 650 | 4 | _aFORMACION DE DOCENTES | |
| 650 | 4 | _aPRACTICA DOCENTE | |
| 650 | 4 | _aFORMADORES DE DOCENTES | |
| 650 | 4 | _aDOCENTES EN PRACTICA | |
| 650 | 4 | _aDISCIPLINA | |
| 650 | 4 | _aTECNICAS DIDACTICAS | |
| 650 | 4 | _aEVALUACION | |
| 653 | 0 | _aFORMACION DE FORMADORES | |
| 653 | 0 | _aESTRATEGIAS EDUCATIVAS | |
| 700 | 1 |
_aFrid, Inés _etraductor |
|
| 942 | _cBK | ||
| 998 | _cRaquel | ||
| 999 |
_c14559 _d14559 |
||